Bad Pöstyén-fürdö Hotel Royál szálló

Zobrazenie: Pohľad na Grand Hotel Royal. V popredí upravená cestička a stromy. Vpravo mostík

Bibliographic Details
Format: Photo
Language:Hungarian
PhysicalDescription:1 pohľadnica kolorovaná 9 x 14 cm
Published: Pöstyén B. K. 1917
Subjects:

MARC

LEADER 00000ckm a2200000 a 4500
001 vtls010182935
003 SK-MaSNL
005 20260302081800.0
007 kf ho
008 200701s1917 xo g k|hun
015 |a SNBG1917 
040 |a SNK  |b slo  |c SNK  |e AACR2 
041 0 |a hun 
043 |a e-xo--- 
044 |a xo  |c SK 
072 7 |a 913  |x Regionálna geografia  |2 konspekt 
080 |a 913(437.6)  |2 2011 
080 |a 640.412  |2 2011 
080 |a 711.455:615.838  |2 2011 
245 0 0 |a Bad Pöstyén-fürdö  |h grafika  |b Hotel Royál szálló 
246 3 0 |a Bad 
260 |a Pöstyén  |b B. K.  |c 1917 
300 |a 1 pohľadnica  |b kolorovaná  |c 9 x 14 cm 
500 |a Názvové údaje prevzaté z obrazovej časti pohľadnice 
520 8 |a Zobrazenie: Pohľad na Grand Hotel Royal. V popredí upravená cestička a stromy. Vpravo mostík 
650 0 7 |a hotely  |2 SNKPH  |9 18422 
650 0 7 |a kúpele  |2 SNKPH  |9 1139 
651 7 |a Piešťany (Slovensko)  |2 SNKPHgeo  |9 23981 
752 |a Slovensko  |d Piešťany 
958 |a GBN 
958 |a ONDV 
958 |a GC 
999 |c 1177813  |d 1179743 
952 |a SNK  |b SNK  |y PREZ  |7 0  |p 17A0671985  |o snkSP 31013  |z Pohľadnica prešla poštou.  |0 0  |1 0  |4 0  |d 2010-10-25  |f 1  |l 0  |r 2026-02-24 21:27:50  |w 2026-02-24